Population and nutrition : an essay on European demographic history

Αποθηκεύτηκε σε:
Λεπτομέρειες βιβλιογραφικής εγγραφής
Κύριος συγγραφέας: Livi Bacci, Massimo
Άλλοι συγγραφείς: Croft-Murray, Tania (trlf)
Μορφή: Βιβλίο
Γλώσσα:English
Italian
Δημοσίευση: Cambridge : Cambridge University Press, 1990.
Σειρά:Cambridge studies in population, economy and society in past time ; 14
Θέματα:
Ετικέτες: Προσθήκη ετικέτας
Δεν υπάρχουν, Καταχωρήστε ετικέτα πρώτοι!

MARC

LEADER 00000cam a2200000 i 4500
001 1/92929
008 940317s1990 enk| ||| |||| ||eng||
020 |a 052136325X 
035 |l 10008650 
040 |a GR-MyUA  |b gre  |e AACR2 
041 1 |a eng  |h ita 
082 0 |a 304.6094 
100 1 |a Livi Bacci, Massimo. 
245 1 0 |a Population and nutrition :   |b an essay on European demographic history /   |c Massimo Livi-Bacci ; translated by Tania Croft-Murray.  
260 |a Cambridge :   |b Cambridge University Press,   |c 1990.  
300 |a 150 σ. :   |b πιν., σχέδια ; . 
490 1 |a (Cambridge studies in population, economy, and society in past time   |v ; 14)  
500 |a Τίτλος πρωτοτύπου: Popolazione e alimentazione: saggio sulla storia demographica Europea.  
504 |a Περιέχει βιβλιογραφικές αναφορές και ευρετήριο.  
650 0 0 |a Nutrition  |z Europe  |x History. 
650 0 0 |a Food supply  |x History  |z Europe. 
651 0 |a Europe  |x Population  |x History. 
700 1 |a Croft-Murray, Tania,  |e trlf 
830 0 |a Cambridge studies in population, economy and society in past time ;  |v  14 
852 |a INST  |b LESVOS  |e 19940317  |h 304.6094 LIV  |p 005100010636  |q 005100010636  |t BK  |y 0 
909 |a Λ  |b 034880